000 00701nam a2200205 i 4500
001 bgj
100 1 _aREILLY, Vanessa
245 1 0 _aCool! :
_bksiążka nauczyciela /
_cVanessa Reilly ; konsultanci kursu Jackie Holderness i Wendy Superfine.
260 _aOxford :
_bOxford University Press,
_c2000.
300 _a120 pp :
_bdrawings ;
_c30 cm.
650 9 _aEnglish language
_xStudy and teaching |(Primary)
_xTextbooks for foreign speakers
700 1 _aHOLDERNESS, Jackie.
_ecourse consultant
700 1 _aSUPERFINE, Wendy.
_ecourse consultant
020 _a0194319873
040 _cBPK
041 0 _aeng
920 _a0-19-431987-3
942 _cKS
008 s uk f |000 0 eng
999 _c48592
_d48592
856 _uhttp://koha.tu.koszalin.pl/cgi-bin/koha/opac-detail.pl?biblionumber=48592
_yKatalog online BPK